000 006630000a22002050004500
003 LK-CoMWRAF
005 20231113135754.0
008 230817t2004 ||||| |||| 00| 0 eng d
020 _a8178292742
040 _aLK-CoMWRAF
_dLK-CoMWRAF
_eLK-CoMWRAF
041 _aeng
082 _a342.5408
_bVIO
245 _aViolence, law, and women's rights in South Asia
260 _aNew Delhi:
_bSage Publications,
_c2004
300 _a352 p. ; 23 cm.
_bBibliography and index included
650 _aWomen--Crimes against--Law and legislation--South Asia.
650 _aAbused women--Legal status, laws, -South Asia.
700 _aGoonesekere, Savitri
_eed.
942 _cBK
999 _c333
_d333